Heroes III (Game) creatures - Statistics

General Stats
  • This quiz has been taken 132 times
    129 since last reset
  • The average score is 75 of 141
Answer Stats
Town Level Creatures % Correct
Castle LV 7 Angel
96%
Castle LV 7 Archangel
96%
Rampart LV 7 Green dragon
87%
Necropolis LV 1 Skeleton
87%
Necropolis LV 2 Zombie
87%
Castle LV 2 Archer
85%
Necropolis LV 4 Vampire
85%
Necropolis LV 5 Lich
83%
Dungeon LV 7 Black dragon
81%
Rampart LV 7 Gold dragon
81%
Necropolis LV 7 Bone dragon
79%
Castle LV 5 Monk
79%
Castle LV 1 Pikeman
79%
Necropolis LV 4 Vampire lord
79%
Rampart LV 1 Centaur
77%
Rampart LV 2 Dwarf
74%
Castle LV 3 Griffin
74%
Dungeon LV 7 Red dragon
74%
Rampart LV 6 Unicorn
74%
Rampart LV 3 Wood elf
74%
Stronghold LV 1 Goblin
72%
Tower LV 4 Mage
72%
Tower LV 7 Titan
72%
Necropolis LV 6 Black knight
70%
Castle LV 4 Crusader
70%
Stronghold LV 6 Cyclops
70%
Inferno LV 7 Devil
70%
Dungeon LV 4 Medusa
70%
Dungeon LV 5 Minotaur
70%
Rampart LV 4 Pegasus
70%
Stronghold LV 7 Behemoth
68%
Castle LV 6 Champion
68%
Inferno LV 7 Arch devil
66%
Fortress LV 7 Hydra
66%
Tower LV 3 Iron golem
66%
Tower LV 3 Stone golem
66%
Tower LV 4 Arch mage
64%
Fortress LV 4 Basilisk
64%
Necropolis LV 7 Ghost dragon
64%
Tower LV 1 Gremlin
64%
Dungeon LV 2 Harpy
64%
Stronghold LV 3 Orc
64%
Castle LV 3 Royal griffin
64%
Dungeon LV 1 Troglodyte
64%
Fortress LV 1 Gnoll
62%
Dungeon LV 6 Manticore
62%
Stronghold LV 4 Ogre
62%
Necropolis LV 1 Skeleton warrior
62%
Stronghold LV 2 Wolf rider
62%
Fortress LV 5 Gorgon
60%
Castle LV 4 Swordsman
60%
Necropolis LV 2 Walking dead
60%
Inferno LV 3 Cerberus
57%
Inferno LV 4 Demon
57%
Fortress LV 2 Lizardman
57%
Tower LV 6 Naga
57%
Necropolis LV 3 Wight
57%
Castle LV 5 Zealot
57%
Stronghold LV 7 Ancient behemoth
55%
Inferno LV 1 Imp
55%
Castle LV 2 Marksman
55%
Dungeon LV 3 Beholder
53%
Castle LV 6 Cavalier
53%
Tower LV 7 Giant
53%
Inferno LV 2 Gog
53%
Stronghold LV 1 Hobgoblin
53%
Necropolis LV 3 Wraith
53%
Dungeon LV 3 Evil eye
51%
Tower LV 5 Genie
51%
Inferno LV 3 Hell hound
51%
Inferno LV 2 Magog
51%
Conflux LV 1 Pixie
51%
Rampart LV 4 Silver pegasus
51%
Conflux LV 2 Air elemental
49%
Fortress LV 3 Dragon fly
49%
Necropolis LV 6 Dread knight
49%
Conflux LV 7 Firebird
49%
Conflux LV 4 Fire elemental
49%
Castle LV 1 Halberdier
49%
Dungeon LV 5 Minotaur king
49%
Stronghold LV 4 Ogre mage
49%
Stronghold LV 5 Roc
49%
Tower LV 2 Stone gargoyle
49%
Conflux LV 3 Water elemental
49%
Rampart LV 2 Battle dwarf
47%
Fortress LV 7 Chaos hydra
47%
Conflux LV 5 Earth elemental
47%
Conflux LV 3 Ice elemental
47%
Dungeon LV 4 Medusa queen
47%
Conflux LV 2 Storm elemental
47%
Stronghold LV 2 Wolf raider
47%
Fortress LV 6 Wyvern
47%
Stronghold LV 6 Cyclops king
45%
Inferno LV 6 Efreet
45%
Conflux LV 7 Phoenix
45%
Inferno LV 5 Pit fiend
45%
Dungeon LV 6 Scorpicore
45%
Stronghold LV 5 Thunderbird
45%
Tower LV 1 Master gremlin
43%
Tower LV 2 Obsidian gargoyle
43%
Inferno LV 5 Pit lord
43%
Necropolis LV 5 Power lich
43%
Rampart LV 6 War unicorn
43%
Rampart LV 1 Centaur captain
40%
Inferno LV 4 Horned demon
40%
Conflux LV 5 Magma elemental
40%
Tower LV 6 Naga queen
40%
Fortress LV 3 Serpent fly
40%
Inferno LV 6 Efreet sultan
38%
Inferno LV 1 Familiar
38%
Rampart LV 3 Grand elf
38%
Dungeon LV 1 Infernal troglodyte
38%
Neutral LV 1 Peasant
38%
Rampart LV 5 Dendroid soldier
36%
Dungeon LV 2 Harpy hag
36%
Fortress LV 2 Lizard warrior
36%
Conflux LV 6 Magic elemental
36%
Rampart LV 5 Dendroid guard
34%
Tower LV 5 Master genie
34%
Stronghold LV 3 Orc chieftain
34%
Neutral LV 10 Azure dragon
32%
Neutral LV 5 Diamond golem
32%
Fortress LV 1 Gnoll marauder
32%
Fortress LV 4 Greater basilisk
32%
Fortress LV 5 Mighty gorgon
32%
Neutral LV 4 Gold golem
30%
Neutral LV 10 Rust dragon
30%
Neutral LV 4 Sharpshooter
30%
Neutral LV 5 Troll
30%
Conflux LV 4 Energy elemental
28%
Neutral LV 1 Halfling
28%
Conflux LV 1 Sprite
28%
Neutral LV 10 Crystal dragon
26%
Neutral LV 3 Mummy
26%
Neutral LV 3 Nomad
26%
Conflux LV 6 Psychic elemental
26%
Fortress LV 6 Wyvern monarch
26%
Neutral LV 2 Boar
19%
Neutral LV 8 Faerie dragon
19%
Neutral LV 2 Rogue
19%
Neutral LV 6 Enchanteur
17%
No matching quizzes found
Score Distribution
Percent of People with Each Score
Percentile by Number Answered
Your Score History
You have not taken this quiz since the last reset